| 000 | 01108nam a2200301 a 4500 | ||
|---|---|---|---|
| 001 | 34544 | ||
| 003 | BD-RjUL | ||
| 005 | 20211209052156.0 | ||
| 008 | 140518s1973 ne b 100 0 eng d | ||
| 020 | _a0720420865 (NorthHolland) | ||
| 020 | _a0444105328 (American Elsevier) | ||
| 020 | _a0444105328 | ||
| 035 | _a(BD-RjUL)34638 | ||
| 040 |
_aCAN _beng _cCAN _dCAN _dBD-RjUL |
||
| 041 | _aeng | ||
| 082 | 0 | 4 |
_a519.53 _bREM 1973 |
| 111 | 2 |
_aResearch Seminar on Multivariate Statistical Inference, _cDalhousie University, _d1972. _9105079 |
|
| 245 | 1 | 0 |
_aMultivariate statistical inference : _bproceedings of the research seminar at Dalhousie University, Halifax, March 23-25, 1972 / _cedited by D. G. Kabe and R. P. Gupta. |
| 260 |
_aAmsterdam : _bNorth-Holland Pub. Co. ; _aNew York : _bAmerican Elsevier Pub. Co., _c1973. |
||
| 300 |
_ax, 258 p. ; _c23 cm. |
||
| 504 | _aIncludes bibliographies. | ||
| 650 | 0 |
_aMultivariate analysis _xCongresses. _943873 |
|
| 700 | 1 |
_aGupta, R. P. _9105080 |
|
| 700 | 1 |
_aKabe, D. G.,. _9105081 |
|
| 942 |
_2ddc _cBK _01 |
||
| 999 |
_c34544 _d34544 |
||